| 000 | 00420nam a2200181Ia 4500 | ||
|---|---|---|---|
| 003 | OSt | ||
| 005 | 20260506121619.0 | ||
| 008 | 250729s2006 xx 000 0 und d | ||
| 040 | _cAL | ||
| 041 | _aeng | ||
| 082 | _a494.507 LAKS | ||
| 100 |
_aLakshmisha _9230224 |
||
| 245 | _aSachithra Jaimini Bharatha | ||
| 260 |
_aNewdelhi _bNCERTC _c2006 |
||
| 300 | _a165p | ||
| 650 |
_aScience _9230225 |
||
| 942 |
_2ddc _cBED |
||
| 999 |
_c238675 _d238675 |
||